000 00395nam a2200133Ia 4500
008 100328s9999 xx 000 0 und d
082 _b34579
100 _aराजे शैलजा
245 _aआसवांची पालखी
260 _bमनोरमा
630 _aआसवांची पालखी
730 _aआसवांची पालखी
942 _cBOOK
999 _c524704
_d524701